| Record ID | ia:melangesdestheti0000unse |
| Source | Internet Archive |
| Download MARC XML | https://archive.org/download/melangesdestheti0000unse/melangesdestheti0000unse_marc.xml |
| Download MARC binary | https://www.archive.org/download/melangesdestheti0000unse/melangesdestheti0000unse_meta.mrc |
LEADER: 00555cam 22001933 4500
001 0116302111194
008 880701s1952 fr a 1 bfre d
010 $aa 53000852
035 $a(Sirsi) AAQ-9839
035 $a75011994.C..
040 $aOPET$beng
046 $cCarP
050 0 $aBH22$b.M4
090 0 $aBH 21 .M4 1952$bb
245 00 $aMélanges d'esthétique et de science de l'art offerts à Étienne Souriau,
260 $aParis,$bLibrairie Nizet$c[1952]
300 $a277 p.$billus.$c26 cm.
600 10 $aSouriau, Etienne,$d1892-1979.
650 0 $aAesthetics.